MARC

LEADER 00000nam0a2200000 4500
001 118972
005 20231101215515.0
035 |a (RuTPU)RU\TPU\book\128744 
090 |a 118972 
100 |a 20070620d1972 m y0rusy50 ca 
101 0 |a rus 
102 |a RU 
105 |a a j 001zy 
200 1 |a Понятие о методе молекулярных орбиталей  |e методические указания по общей химии  |f Уральский политехнический институт им. С. М. Кирова ; сост. Л. Г. Булатова 
210 |a Свердловск  |c Изд-во Уральского политехнического института  |d 1972 
215 |a 24 с.  |c ил. 
320 |a Библиогр.: с. 24. 
606 1 |a Молекулярных орбиталей метод  |2 stltpush  |3 (RuTPU)RU\TPU\subj\66867  |9 82877 
610 1 |a химия 
610 1 |a метод ЛКАО-МО 
610 1 |a атомные орбитали 
610 1 |a линейная комбинация 
610 1 |a молекулярные орбитали 
610 1 |a гомоядерные молекулы 
610 1 |a гетероядерные молекулы 
610 1 |a химическая связь 
610 1 |a методические указания 
610 1 |a учебные пособия 
675 |a 544.18(07)  |v 3 
702 1 |a Булатова  |b Л. Г.  |4 220 
712 0 2 |a Уральский политехнический институт им. С. М. Кирова  |c (Свердловск)  |2 stltpush  |3 (RuTPU)RU\TPU\col\1982 
801 1 |a RU  |b 63413507  |c 20070620  |g PSBO 
801 2 |a RU  |b 63413507  |c 20130603  |g PSBO 
942 |c BK